| 000 | 00347nam a2200145Ia 4500 | ||
|---|---|---|---|
| 008 | 150201s2013 xx 000 0 und d | ||
| 082 |
_a611 _bC13M |
||
| 100 | _aMOORE, KETH L. | ||
| 245 | _aCLINICALLY ORIENTED ANATOMY | ||
| 250 | _a7TH | ||
| 260 |
_bWOLTER KLUWER _aDELHI _c2013 |
||
| 300 | _a1-1134 | ||
| 650 | _aHUMAN ANATOMY | ||
| 942 |
_2ddc _cBK |
||
| 999 |
_c1592 _d1592 |
||